000 00925nab a2200265uu 4500
001 14616
003 HDC
007 cr aa aaaau
008 210215p9999 ||||| |||| 00| 0 eng d
040 _aHDC
100 _aThedford, T.R.
_eauthor
_915105
245 0 _aVaccines -Their Use, Handling, and Care / by
_cT. R. Thedford
260 _a[no place] :
_b[publisher not identified],
_c[no year]
300 _a1 online resource (2 pages )
336 _atext
_2rdacontent
337 _acomputer
_2rdamedia
338 _aonline resource
_2rdacarrier
650 _alivestock diseases
_915106
650 _aVaccines
_97991
710 _aDivision of Agricultural Sciences and Natural Resources
856 _zRequest full-text at [email protected]
942 _2lcc
942 _cAR
942 _kJART 003410
999 _c11932
_d11932